000 00774nam a2200229 4500
003 OSt
005 20240611062230.0
006 a
008 240611b |||||||| |||| 00| 0 eng d
020 _a978041596315
040 _aDWCL-Main lib.
_cOC
082 _2fourth edition
_aCirc. 158.3 T591p 2009
100 _aTindall, Judith A
245 _aPeer power, book one : strategies for the professional leader : becoming an effective peer helper and conflict mediator /
250 _afourth edition
260 _aNew York :
_bRoutledge,
_cc2009.
300 _b219 p. ;
_c23 cm.
504 _aIncludes bibliographical references.
650 _a1. Peer counseling–Problems, exercises, etc.
700 _aJudith A Tindall
942 _2ddc
_n0
_cBK-CIRC
_efourth edition
_kCirc.
999 _c538
_d538